000 00493nam a2200181 a 4500
001 1770453312812
003 YourLibrary
005 20260207140844.0
008 260207s2009##################000#0#eng##
020 _a9780737744187
082 0 4 _a362.280835
_bSCH
100 1 _aSchusterbauer, Emily,
_eauthor.
245 1 0 _aTeen Suicide :
260 _bGreenhaven Press, Incorporated,
_c2009.
650 0 _aAdolescent psychology.
942 _cENGLISH
040 _aYourLibrary
_beng
_cYourLibrary
999 _c611041
_d611041